Análisis de la estructura financiera y presupuestal de la Universidad de Sucre (Registro nro. 80792)

Detalles MARC
000 -CABECERA
campo de control de longitud fija 00608nam a2200193Ia 4500
001 - NÚMERO DE CONTROL
campo de control 80792
003 - IDENTIFICADOR DEL NÚMERO DE CONTROL
campo de control 157374
005 - FECHA Y HORA DE LA ÚLTIMA TRANSACCIÓN
campo de control 20250503062535.0
008 - DATOS DE LONGITUD FIJA--INFORMACIÓN GENERAL
campo de control de longitud fija ||||||n9999 ||| || ||
245 #0 - MENCIÓN DE TÍTULO
Título Análisis de la estructura financiera y presupuestal de la Universidad de Sucre
562 ## - NOTA DE IDENTIFICACIÓN DE LA COPIA Y VERSIÓN
Número de copias 1
650 ## - PUNTO DE ACCESO ADICIONAL DE MATERIA--TÉRMINO DE MATERIA
Término de materia o nombre geográfico como elemento de entrada CONTROL DE PROCESOS
9 (RLIN) 101661
650 #0 - PUNTO DE ACCESO ADICIONAL DE MATERIA--TÉRMINO DE MATERIA
Término de materia o nombre geográfico como elemento de entrada Evaluación de la gestión
9 (RLIN) 8963
650 #0 - PUNTO DE ACCESO ADICIONAL DE MATERIA--TÉRMINO DE MATERIA
Término de materia o nombre geográfico como elemento de entrada Gestión financiera
9 (RLIN) 16749
650 #0 - PUNTO DE ACCESO ADICIONAL DE MATERIA--TÉRMINO DE MATERIA
Término de materia o nombre geográfico como elemento de entrada Instituciones de educación superior
9 (RLIN) 101974
650 #0 - PUNTO DE ACCESO ADICIONAL DE MATERIA--TÉRMINO DE MATERIA
Término de materia o nombre geográfico como elemento de entrada Presupuesto público
9 (RLIN) 8146
650 ## - PUNTO DE ACCESO ADICIONAL DE MATERIA--TÉRMINO DE MATERIA
Término de materia o nombre geográfico como elemento de entrada TESIS Y DISERTACIONES ACADÉMICAS
9 (RLIN) 101975
942 ## - ELEMENTOS DE PUNTO DE ACCESO ADICIONAL (KOHA)
Tipo de ítem Koha Tesis
Existencias
Estado de retiro Estado de pérdida Estado dañado No para préstamo Código de colección Localización permanente Ubicación/localización actual Coste, precio normal de compra Total de préstamos Signatura topográfica completa Código de barras Número de copia Tipo de ítem Koha
        Trabajos de Grado Bogotá - Sede Central Bogotá - Sede Central 0.00   BOG104 2001 89748 1 Tesis